[Event "Lvov Vorobets Memorial"]
[Site "Lvov"]
[Date "2011.04.13"]
[Round "9"]
[White "Yildiz Kadioglu, Betul Cemre"]
[Black "Zheliandinov, Viktor"]
[Result "1-0"]
[WhiteElo "2219"]
[BlackElo "2378"]
[PlyCount "35"]
[EventDate "2011.04.07"]
[EventType "schev"]
[EventRounds "10"]
[EventCountry "UKR"]
[SourceTitle "CBM 141 Extra"]
[Source "ChessBase"]
[SourceDate "2011.05.03"]
[SourceVersion "1"]
[SourceVersionDate "2011.05.03"]
[SourceQuality "1"]
[WhiteTeam "Turkey"]
[BlackTeam "Ukraine"]
[WhiteTeamCountry "TUR"]
[BlackTeamCountry "UKR"]

1. e4 c5 2. Nf3 e6 3. d4 cxd4 4. Nxd4 Nf6 5. Nc3 d6 6. Be2 a6 7. a4 Be7 8. 0-0 0-0 9. Be3 Qc7 10. a5 Nbd7 11. f3 Re8 12. Qd2 d5 13. exd5 exd5 14. Nf5 Bb4 15. Bd4 Ne5 16. Nxg7 Kxg7 17. Qg5+ Kf8 18. Qxf6 1-0

[Event "Lvov Vorobets Memorial"]
[Site "Lvov"]
[Date "2011.04.11"]
[Round "6"]
[White "Zheliandinov, Viktor"]
[Black "Sop, Selen"]
[Result "1-0"]
[WhiteElo "2378"]
[BlackElo "1995"]
[PlyCount "77"]
[EventDate "2011.04.07"]
[EventType "schev"]
[EventRounds "10"]
[EventCountry "UKR"]
[SourceTitle "CBM 141 Extra"]
[Source "ChessBase"]
[SourceDate "2011.05.03"]
[SourceVersion "1"]
[SourceVersionDate "2011.05.03"]
[SourceQuality "1"]
[WhiteTeam "Ukraine"]
[BlackTeam "Turkey"]
[WhiteTeamCountry "UKR"]
[BlackTeamCountry "TUR"]

1. d4 d5 2. c4 c6 3. Nc3 Nf6 4. Nf3 a6 5. c5 g6 6. Bf4 Bg7 7. h3 0-0 8. e3 Bf5 9. Qb3 Qc8 10. Be2 Nbd7 11. Ne5 Ne4 12. Nxd7 Qxd7 13. Na4 Rae8 14. f3 Nf6 15. g4 Be6 16. 0-0-0 Kh8 17. Qb4 Ng8 18. Rd3 a5 19. Qxa5 Ra8 20. Qb4 Qe8 21. a3 f6 22. Nb6 Ra7 23. h4 Bf7 24. Bc7 e5 25. Bd6 e4 26. Rb3 Ne7 27. Bxe7 Qxe7 28. f4 g5 29. hxg5 fxg5 30. f5 Qc7 31. Qe1 Be8 32. Qg1 h5 33. Qh2 Qxh2 34. Rxh2 h4 35. Nc8 Ra8 36. Nd6 b5 37. cxb6 Bd7 38. Nb7 Rab8 39. Nc5 1-0

[Event "Podlehnik"]
[Site "Podlehnik"]
[Date "2001.04.30"]
[Round "6"]
[White "Atalik, Suat"]
[Black "Zheliandinov, Viktor"]
[Result "1-0"]
[WhiteElo "2543"]
[BlackElo "2398"]
[PlyCount "49"]
[EventDate "2001.04.24"]
[EventType "tourn"]
[EventRounds "10"]
[EventCountry "SLO"]
[EventCategory "9"]
[SourceTitle "CBM 083"]
[Source "ChessBase"]
[SourceDate "2001.07.05"]
[SourceVersion "1"]
[SourceVersionDate "2001.07.05"]
[SourceQuality "1"]

1. d4 Nf6 2. c4 e6 3. Nf3 d5 4. Nc3 Be7 5. Bg5 0-0 6. e3 Nbd7 7. Rc1 c6 8. Bd3 dxc4 9. Bxc4 Nd5 10. Bxe7 Qxe7 11. Ne4 N5f6 12. Nxf6+ Qxf6 13. 0-0 e5 14. e4 exd4 15. Qxd4 Qxd4 16. Nxd4 Ne5 17. Bb3 Rd8 18. Rfd1 Bd7 19. f4 Ng6 20. f5 Ne5 21. Rc5 Ng4 22. h3 b6 23. Nxc6 Bxc6 24. Rxd8+ Rxd8 25. Rxc6 1-0

[Event "Podlehnik"]
[Site "Podlehnik"]
[Date "2001.04.30"]
[Round "7"]
[White "Zheliandinov, Viktor"]
[Black "Polajzer, Danilo"]
[Result "1/2-1/2"]
[WhiteElo "2398"]
[BlackElo "2425"]
[PlyCount "28"]
[EventDate "2001.04.24"]
[EventType "tourn"]
[EventRounds "10"]
[EventCountry "SLO"]
[EventCategory "9"]
[SourceTitle "CBM 083"]
[Source "ChessBase"]
[SourceDate "2001.07.05"]
[SourceVersion "1"]
[SourceVersionDate "2001.07.05"]
[SourceQuality "1"]

1. d4 Nf6 2. c4 g6 3. Nc3 d5 4. cxd5 Nxd5 5. e4 Nxc3 6. bxc3 Bg7 7. Nf3 0-0 8. Be2 c5 9. Be3 Nc6 10. Rc1 cxd4 11. cxd4 Qa5+ 12. Bd2 Qxa2 13. d5 Nd4 14. Nxd4 Bxd4 1/2-1/2

[Event "Podlehnik"]
[Site "Podlehnik"]
[Date "2001.04.25"]
[Round "2"]
[White "Mikhalchishin, Adrian"]
[Black "Zheliandinov, Viktor"]
[Result "1/2-1/2"]
[WhiteElo "2524"]
[BlackElo "2398"]
[PlyCount "51"]
[EventDate "2001.04.24"]
[EventType "tourn"]
[EventRounds "10"]
[EventCountry "SLO"]
[EventCategory "9"]
[SourceTitle "CBM 083"]
[Source "ChessBase"]
[SourceDate "2001.07.05"]
[SourceVersion "1"]
[SourceVersionDate "2001.07.05"]
[SourceQuality "1"]

1. d4 Nf6 2. c4 e6 3. Nf3 b6 4. a3 Ba6 5. Qc2 Bb7 6. Nc3 c5 7. e4 cxd4 8. Nxd4 d6 9. Be2 Be7 10. 0-0 0-0 11. Rd1 Nbd7 12. f3 a6 13. a4 Rc8 14. a5 d5 15. exd5 exd5 16. axb6 Nxb6 17. cxd5 Nfxd5 18. Kh1 g6 19. Qb3 Nxc3 20. bxc3 Bd5 21. Qb1 Rxc3 22. Rxa6 Bc5 23. Bd2 Rc4 24. Nb3 Bd6 25. Be3 Rh4 26. f4 1/2-1/2

[Event "Bled op 21st"]
[Site "Bled"]
[Date "2000.04.02"]
[Round "9"]
[White "Atalik, Suat"]
[Black "Zheliandinov, Viktor"]
[Result "0-1"]
[WhiteElo "2575"]
[BlackElo "2411"]
[PlyCount "124"]
[EventDate "2000.03.25"]
[EventType "swiss"]
[EventRounds "9"]
[EventCountry "SLO"]
[SourceTitle "EXT 2002"]
[Source "ChessBase"]
[SourceDate "2001.11.25"]
[SourceVersion "1"]
[SourceVersionDate "2001.11.25"]
[SourceQuality "1"]

1. d4 Nf6 2. c4 g6 3. Nc3 Bg7 4. e4 d6 5. h3 0-0 6. Bg5 c5 7. d5 e6 8. Bd3 exd5 9. cxd5 a6 10. a4 Nbd7 11. Nf3 Re8 12. 0-0 Qc7 13. Re1 Rb8 14. Rc1 Ne5 15. Nxe5 Rxe5 16. Bf4 Re8 17. Bf1 Nd7 18. b4 Qb6 19. b5 Qa5 20. Bd2 Qd8 21. f4 Bd4+ 22. Kh1 Qh4 23. Qf3 Nf6 24. f5 Nh5 25. g4 Nf6 26. Kg2 Bd7 27. Bd3 axb5 28. axb5 h5 29. g5 Nh7 30. Qf4 Qxf4 31. Bxf4 Ra8 32. Bd2 Ra3 33. h4 Nf8 34. Re2 gxf5 35. exf5 Rxe2+ 36. Bxe2 Bxf5 37. Bxh5 Ng6 38. Bxg6 fxg6 39. Kf3 Kf7 40. Ke2 Rb3 41. Be1 Be5 42. Bd2 Ke7 43. Be1 Kd7 44. Bd2 Rb2 45. Nd1 Rxb5 46. Ne3 Bb1 47. Nc4 Be4 48. Nxe5+ dxe5 49. Rf1 Kd6 50. h5 gxh5 51. g6 Rb3 52. Rf6+ Kxd5 53. Be1 Bd3+ 54. Kf2 Rb2+ 55. Ke3 Re2+ 56. Kxd3 Rxe1 57. g7 Rg1 58. Rf7 Rg3+ 59. Ke2 b5 60. Kf2 Rg4 61. Ke3 b4 62. Kd2 Rg3 0-1

[Event "Ptuj"]
[Site "Ptuj"]
[Date "2000.02.19"]
[Round "9"]
[White "Abramovic, Bosko"]
[Black "Zheliandinov, Viktor"]
[Result "1-0"]
[WhiteElo "2501"]
[BlackElo "2411"]
[PlyCount "67"]
[EventDate "2000.02.10"]
[EventType "tourn"]
[EventRounds "9"]
[EventCountry "SLO"]
[EventCategory "7"]
[SourceTitle "CBM 074 Extra"]
[Source "ChessBase"]
[SourceDate "2000.03.10"]
[SourceVersion "2"]
[SourceVersionDate "2000.03.10"]
[SourceQuality "1"]

1. d4 d5 2. c4 e6 3. Nf3 Nf6 4. Nc3 Be7 5. Bg5 Nbd7 6. e3 0-0 7. Bd3 c6 8. 0-0 dxc4 9. Bxc4 Nd5 10. Bxe7 Qxe7 11. Rc1 Nxc3 12. Rxc3 e5 13. Qc2 e4 14. Nd2 Nf6 15. f3 exf3 16. Rxf3 Bg4 17. Rg3 Bh5 18. Bd3 Bg6 19. Rc5 Nd5 20. Bxg6 hxg6 21. e4 Nf4 22. Nf3 Rfe8 23. e5 Qe6 24. Ng5 Qf5 25. Ne4 Ne6 26. Nf6+ Kf8 27. Nxe8 Nxc5 28. Qxc5+ Kxe8 29. Rh3 Qb1+ 30. Kf2 Qf5+ 31. Ke3 Qg5+ 32. Kd3 Rd8 33. Rh8+ Kd7 34. e6+ 1-0

[Event "Ptuj"]
[Site "Ptuj"]
[Date "2000.02.13"]
[Round "4"]
[White "Zheliandinov, Viktor"]
[Black "Krumpacnik, Domen"]
[Result "1/2-1/2"]
[WhiteElo "2411"]
[BlackElo "2384"]
[PlyCount "36"]
[EventDate "2000.02.10"]
[EventType "tourn"]
[EventRounds "9"]
[EventCountry "SLO"]
[EventCategory "7"]
[SourceTitle "CBM 074 Extra"]
[Source "ChessBase"]
[SourceDate "2000.03.10"]
[SourceVersion "2"]
[SourceVersionDate "2000.03.10"]
[SourceQuality "1"]

1. d4 Nf6 2. c4 e6 3. Nf3 Bb4+ 4. Bd2 Qe7 5. g3 0-0 6. Bg2 Bxd2+ 7. Nbxd2 d6 8. 0-0 e5 9. e4 Bg4 10. d5 Nbd7 11. Qc2 Bxf3 12. Nxf3 a5 13. Nh4 g6 14. Rae1 Nh5 15. Bh3 Nc5 16. b3 Qg5 17. Ng2 Nf6 18. Nh4 Nh5 1/2-1/2

[Event "Ptuj"]
[Site "Ptuj"]
[Date "2000.02.11"]
[Round "2"]
[White "Zheliandinov, Viktor"]
[Black "Kazakov, Mikhail"]
[Result "1/2-1/2"]
[WhiteElo "2411"]
[BlackElo "2426"]
[PlyCount "58"]
[EventDate "2000.02.10"]
[EventType "tourn"]
[EventRounds "9"]
[EventCountry "SLO"]
[EventCategory "7"]
[SourceTitle "CBM 074 Extra"]
[Source "ChessBase"]
[SourceDate "2000.03.10"]
[SourceVersion "2"]
[SourceVersionDate "2000.03.10"]
[SourceQuality "1"]

1. d4 Nf6 2. c4 g6 3. Nc3 Bg7 4. e4 d6 5. Be2 0-0 6. Nf3 Na6 7. 0-0 c6 8. Bg5 e5 9. d5 h6 10. Bd2 Nc5 11. Qc2 a5 12. Be3 Na6 13. Nd2 Ng4 14. Bxg4 Bxg4 15. f3 Bd7 16. Rad1 c5 17. Nb5 Qe7 18. f4 f5 19. Rde1 Rae8 20. fxe5 Bxe5 21. Nf3 fxe4 22. Nxe5 Qxe5 23. Rxf8+ Rxf8 24. Bxh6 Re8 25. Nc3 Nb4 26. Qd2 Qd4+ 27. Be3 Qxd2 28. Bxd2 Nd3 29. Rxe4 Nxb2 1/2-1/2

[Event "Popel Memorial 2nd"]
[Site "Lvov"]
[Date "1999.09.25"]
[Round "4"]
[White "Zheliandinov, Viktor"]
[Black "Popovych, Orest"]
[Result "1-0"]
[WhiteElo "2411"]
[BlackElo "2270"]
[PlyCount "57"]
[EventDate "1999.09.22"]
[EventType "tourn"]
[EventRounds "9"]
[EventCountry "UKR"]
[EventCategory "9"]
[SourceTitle "EXT 2000"]
[Source "ChessBase"]
[SourceDate "1999.11.16"]
[SourceVersion "1"]
[SourceVersionDate "1999.11.16"]
[SourceQuality "1"]

1. d4 Nf6 2. c4 g6 3. Nc3 Bg7 4. e4 d6 5. Nf3 0-0 6. Be2 Nbd7 7. 0-0 e5 8. Qc2 c6 9. Rd1 Qc7 10. Rb1 a5 11. h3 Re8 12. Bg5 exd4 13. Nxd4 Nc5 14. Bf3 Nfd7 15. Be3 Ne5 16. Be2 Qe7 17. Nb3 f5 18. Nxc5 dxc5 19. Na4 fxe4 20. Bxc5 Qg5 21. Be3 Qh4 22. Nb6 Nf3+ 23. gxf3 exf3 24. Bxf3 Bxh3 25. Qd2 Rxe3 26. Qxe3 Bh6 27. Rd4 Qf6 28. Qxh6 Qxf3 29. Qg5 1-0

[Event "Popel Memorial 2nd"]
[Site "Lvov"]
[Date "1999.09.23"]
[Round "2"]
[White "Buturin, Vladimir"]
[Black "Zheliandinov, Viktor"]
[Result "1/2-1/2"]
[WhiteElo "2388"]
[BlackElo "2411"]
[PlyCount "21"]
[EventDate "1999.09.22"]
[EventType "tourn"]
[EventRounds "9"]
[EventCountry "UKR"]
[EventCategory "9"]
[SourceTitle "EXT 2000"]
[Source "ChessBase"]
[SourceDate "1999.11.16"]
[SourceVersion "1"]
[SourceVersionDate "1999.11.16"]
[SourceQuality "1"]

1. Nf3 d5 2. d4 c5 3. g3 Nc6 4. Bg2 Bg4 5. Ne5 Bf5 6. Nxc6 bxc6 7. c4 e6 8. 0-0 Nf6 9. cxd5 cxd5 10. Nc3 Be7 11. b3 1/2-1/2

[Event "Bled op 20th"]
[Site "Bled"]
[Date "1999.03.25"]
[Round "6"]
[White "Zheliandinov, Viktor"]
[Black "Krivoshey, Sergei"]
[Result "1/2-1/2"]
[WhiteElo "2402"]
[BlackElo "2451"]
[PlyCount "50"]
[EventDate "1999.03.20"]
[EventType "swiss"]
[EventRounds "9"]
[EventCountry "SLO"]
[SourceTitle "CBM 069 Extra"]
[Source "ChessBase"]
[SourceDate "1999.05.10"]
[SourceVersion "1"]
[SourceVersionDate "1999.05.10"]
[SourceQuality "1"]

1. d4 Nf6 2. c4 c5 3. d5 b5 4. cxb5 a6 5. b6 d6 6. Nc3 Nbd7 7. b7 Bxb7 8. e4 g6 9. Nf3 Bg7 10. Nd2 Nb6 11. a4 Rb8 12. Be2 0-0 13. 0-0 e6 14. a5 Nc8 15. Nc4 Nxe4 16. Nxe4 exd5 17. Ncxd6 Nxd6 18. Nxc5 Ne4 19. Nxb7 Rxb7 20. Bxa6 Ra7 21. Bb5 Rxa5 22. Rxa5 Qxa5 23. Qxd5 Rd8 24. Qc6 Bd4 25. Qxe4 Qxb5 1/2-1/2

[Event "Ptuj"]
[Site "Ptuj"]
[Date "1998.??.??"]
[Round "?"]
[White "Zheliandinov, Viktor"]
[Black "Polajzer, Danilo"]
[Result "1/2-1/2"]
[WhiteElo "2410"]
[BlackElo "2420"]
[PlyCount "40"]
[EventDate "1998.??.??"]
[EventType "tourn"]
[EventRounds "9"]
[EventCountry "SLO"]
[EventCategory "7"]
[SourceTitle "EXT 2000"]
[Source "ChessBase"]
[SourceDate "1999.11.16"]
[SourceVersion "1"]
[SourceVersionDate "1999.11.16"]
[SourceQuality "1"]

1. d4 d5 2. c4 c6 3. Nc3 Nf6 4. Nf3 e6 5. e3 Nbd7 6. Bd3 dxc4 7. Bxc4 b5 8. Bb3 a6 9. e4 b4 10. e5 bxc3 11. exf6 cxb2 12. fxg7 Bxg7 13. Bxb2 Qa5+ 14. Qd2 Qxd2+ 15. Kxd2 c5 16. Rab1 Bb7 17. d5 Bxb2 18. dxe6 Bg7 19. Ba4 0-0-0 20. exd7+ Kc7 1/2-1/2

[Event "Lvov"]
[Site "Lvov"]
[Date "1997.??.??"]
[Round "?"]
[White "Maksimenko, Andrei"]
[Black "Zheliandinov, Viktor"]
[Result "1/2-1/2"]
[WhiteElo "2545"]
[BlackElo "2380"]
[PlyCount "104"]
[EventDate "1997.??.??"]
[EventType "tourn"]
[EventRounds "9"]
[EventCountry "UKR"]
[EventCategory "5"]
[SourceTitle "EXT 2002"]
[Source "ChessBase"]
[SourceDate "2001.11.25"]
[SourceVersion "1"]
[SourceVersionDate "2001.11.25"]
[SourceQuality "1"]

1. d4 Nf6 2. c4 e6 3. Nc3 d5 4. Bg5 Be7 5. e3 0-0 6. Nf3 Nbd7 7. Qc2 b6 8. cxd5 exd5 9. Bd3 Bb7 10. 0-0 Ne4 11. Bf4 Ndf6 12. Bxc7 Qxc7 13. Nxe4 Qxc2 14. Nxf6+ Bxf6 15. Bxc2 g6 16. Rfc1 Rac8 17. Bb3 Be7 18. Ne5 Rfd8 19. Nd3 Bd6 20. Rxc8 Rxc8 21. Rc1 Rxc1+ 22. Nxc1 b5 23. g3 g5 24. a3 a5 25. Nd3 Kf8 26. Bc2 h6 27. Nc5 Bc6 28. Kf1 Ke7 29. Ke2 Bc7 30. Bd3 Kd6 31. h4 a4 32. hxg5 hxg5 33. Kf3 Ke7 34. Ke2 Ba5 35. Bc2 Kd6 36. Nd3 f6 37. Nb4 Bd7 38. Bg6 Bxb4 39. axb4 Bc6 40. Bf5 Be8 41. Kd2 Bh5 42. Bd3 Kc6 43. e4 dxe4 44. Bxe4+ Kd6 45. Ke3 Bf7 46. Bd3 Be8 47. Bh7 Bf7 48. Bb1 Bd5 49. Bd3 Bc6 50. d5 Kxd5 51. Be4+ Kd6 52. f3 Bd7 1/2-1/2

[Event "Lvov"]
[Site "Lvov"]
[Date "1997.??.??"]
[Round "?"]
[White "Zheliandinov, Viktor"]
[Black "Mikhaletz, Lubomir"]
[Result "1-0"]
[WhiteElo "2380"]
[BlackElo "2390"]
[PlyCount "87"]
[EventDate "1997.??.??"]
[EventType "tourn"]
[EventRounds "9"]
[EventCountry "UKR"]
[EventCategory "5"]
[SourceTitle "EXT 2002"]
[Source "ChessBase"]
[SourceDate "2001.11.25"]
[SourceVersion "1"]
[SourceVersionDate "2001.11.25"]
[SourceQuality "1"]

1. e4 c5 2. Nf3 Nc6 3. d4 cxd4 4. Nxd4 Nf6 5. Nc3 e5 6. Ndb5 d6 7. Bg5 a6 8. Na3 b5 9. Nd5 Be7 10. Bxf6 Bxf6 11. c3 0-0 12. Nc2 Rb8 13. Be2 Bg5 14. 0-0 Be6 15. Nce3 a5 16. a4 bxa4 17. Nc4 Kh8 18. Qxa4 Qd7 19. Rfd1 Rfd8 20. b4 axb4 21. Ncb6 Rxb6 22. Nxb6 Qb7 23. Nd5 bxc3 24. Ba6 Qd7 25. Bb5 Rc8 26. Nb6 Qc7 27. Nxc8 Nd4 28. Bd3 g6 29. Na7 Bb3 30. Nb5 Bxa4 31. Nxc7 Bxd1 32. Rxd1 h5 33. Nd5 c2 34. Bxc2 Nxc2 35. Rb1 h4 36. h3 Na3 37. Rb6 Nc4 38. Rc6 Nd2 39. Nc3 Kg7 40. Rxd6 Bf4 41. Ra6 Nc4 42. Ra4 Nd2 43. Nd5 Bg5 44. Rb4 1-0

[Event "Lvov CC-ch"]
[Site "Lvov"]
[Date "1996.??.??"]
[Round "?"]
[White "Zheliandinov, Viktor"]
[Black "Popovich, Sviatoslav"]
[Result "1/2-1/2"]
[WhiteElo "2395"]
[BlackElo "2265"]
[PlyCount "26"]
[EventDate "1996.??.??"]
[EventType "tourn"]
[EventRounds "13"]
[EventCountry "UKR"]
[EventCategory "2"]
[SourceTitle "EXT 2002"]
[Source "ChessBase"]
[SourceDate "2001.11.25"]
[SourceVersion "1"]
[SourceVersionDate "2001.11.25"]
[SourceQuality "1"]

1. e4 e6 2. d4 d5 3. Nd2 dxe4 4. Nxe4 Nd7 5. Nf3 Ngf6 6. Nxf6+ Nxf6 7. Bd3 c5 8. dxc5 Bxc5 9. 0-0 Qc7 10. Qe2 0-0 11. Bg5 b6 12. Ne5 Bb7 13. Rad1 Rad8 1/2-1/2

[Event "Ptuj"]
[Site "Ptuj"]
[Date "1995.??.??"]
[Round "2"]
[White "Bukal, Vladimir Jr"]
[Black "Zheliandinov, Viktor"]
[Result "0-1"]
[WhiteElo "2415"]
[BlackElo "2350"]
[PlyCount "64"]
[EventDate "1995.??.??"]
[EventType "tourn"]
[EventRounds "11"]
[EventCountry "SLO"]
[EventCategory "8"]
[SourceTitle "EXT 2000"]
[Source "ChessBase"]
[SourceDate "1999.11.16"]
[SourceVersion "1"]
[SourceVersionDate "1999.11.16"]
[SourceQuality "1"]

1. c4 Nf6 2. g3 g6 3. Bg2 Bg7 4. Nc3 0-0 5. d4 d6 6. Nf3 Nbd7 7. 0-0 e5 8. e4 c6 9. h3 exd4 10. Nxd4 Re8 11. Be3 Nc5 12. Qc2 Qe7 13. Rfe1 Bd7 14. f3 Nh5 15. Kh2 Ne6 16. Nde2 f5 17. Qd2 Nf8 18. Rad1 Qf7 19. b3 Re6 20. Bd4 Rae8 21. Bxa7 c5 22. exf5 gxf5 23. f4 Bc6 24. Bd5 Bxd5 25. Nxd5 Qg6 26. Qd3 Nxg3 27. Rd2 Ne4 28. Rc2 Qh5 29. Rf1 Ng6 30. Nc7 Nd2 31. Ng3 Re2+ 32. Nxe2 Qxe2+ 0-1

[Event "Ljubljana op 6th"]
[Site "Ljubljana"]
[Date "1995.??.??"]
[Round "3"]
[White "Kozul, Zdenko"]
[Black "Zheliandinov, Viktor"]
[Result "1/2-1/2"]
[WhiteElo "2580"]
[BlackElo "2350"]
[PlyCount "91"]
[EventDate "1995.06.??"]
[EventType "swiss"]
[EventRounds "9"]
[EventCountry "SLO"]
[SourceTitle "EXT 1998"]
[Source "ChessBase"]
[SourceDate "1997.11.17"]
[SourceVersion "1"]
[SourceVersionDate "1997.11.17"]
[SourceQuality "1"]

1. d4 d5 2. c4 c6 3. Nc3 Nf6 4. Nf3 e6 5. e3 Nbd7 6. Bd3 dxc4 7. Bxc4 b5 8. Bd3 a6 9. e4 c5 10. d5 c4 11. dxe6 fxe6 12. Bc2 Qc7 13. 0-0 Bb7 14. Nd4 Nc5 15. Qe2 e5 16. Nd5 Nxd5 17. exd5 Bxd5 18. Bf4 Bd6 19. Nf5 0-0-0 20. Nxd6+ Qxd6 21. Bxe5 Qc6 22. Rfd1 Kb7 23. Qg4 Rhe8 24. Bc3 g6 25. Ba5 Rd7 26. Bb4 Be6 27. Rxd7+ Qxd7 28. Qf3+ Bd5 29. Qg3 Re2 30. Bxc5 Rxc2 31. Re1 Qe6 32. f3 Re2 33. Rxe2 Qxe2 34. h3 Qe6 35. Qf4 c3 36. bxc3 Bxa2 37. Bf2 Bd5 38. Bg3 Qe7 39. Qb8+ Kc6 40. Bf2 Qb7 41. Qf8 a5 42. Qe8+ Kc7 43. Qe5+ Kc6 44. Qe8+ Kc7 45. Qe7+ Kc6 46. Qe8+ 1/2-1/2